| 000 -LEADER |
| fixed length control field |
00957nam a2200241Ia 4500 |
| 001 - CONTROL NUMBER |
| control field |
745 |
| 003 - CONTROL NUMBER IDENTIFIER |
| control field |
GE_BSU |
| 008 - FIXED-LENGTH DATA ELEMENTS--GENERAL INFORMATION |
| fixed length control field |
181216s||||||||xx |||||||||||||| ||und|| |
| 020 ## - INTERNATIONAL STANDARD BOOK NUMBER |
| International Standard Book Number |
9994035319 |
| 040 ## - CATALOGING SOURCE |
| Transcribing agency |
GE_BSU |
| 080 ## - UNIVERSAL DECIMAL CLASSIFICATION NUMBER |
| Universal Decimal Classification number |
519.6(075.8) |
| 100 ## - MAIN ENTRY--PERSONAL NAME |
| Personal name |
ჯიბლაძე, ნოდარ; გაბელაია, აკაკი;ნარიმანაშვილი, ნოდარი; |
| 245 ## - TITLE STATEMENT |
| Title |
უპირობო ოპტიმიზაციის მეთოდები.დამხმარე ხელმძღვანელო |
| 245 ## - TITLE STATEMENT |
| Remainder of title |
საქ.ტექნიკური უნ–ტი. |
| 260 ## - PUBLICATION, DISTRIBUTION, ETC. |
| Place of publication, distribution, etc. |
თბილისი |
| 260 ## - PUBLICATION, DISTRIBUTION, ETC. |
| Name of publisher, distributor, etc. |
,,ტექნიკური უნივერსიტეტი'' |
| 260 ## - PUBLICATION, DISTRIBUTION, ETC. |
| Date of publication, distribution, etc. |
2004 |
| 300 ## - PHYSICAL DESCRIPTION |
| Extent |
137 გვ. |
| 653 ## - INDEX TERM--UNCONTROLLED |
| Uncontrolled term |
გამოთვლითი მათემატიკა |
| 653 ## - INDEX TERM--UNCONTROLLED |
| Uncontrolled term |
ოპტიმიზაცია |
| 942 ## - ADDED ENTRY ELEMENTS (KOHA) |
| Koha item type |
წიგნი |